| 000 | 00959nam a2200277 i 4500 | ||
|---|---|---|---|
| 001 | 11510 | ||
| 003 | ES-MaACL | ||
| 005 | 20250801100714.0 | ||
| 008 | 930628s1992 sp a |||| | spa j | ||
| 020 | _a84-7100-421-6 | ||
| 080 | _a9(=1.460.35:8=60) | ||
| 080 | _a008(460.35:7/8) | ||
| 100 | 1 |
_aMorales Padrón, Francisco, _d1924-2010 _983066 |
|
| 245 | 1 | 0 |
_aAndalucía y América / _cFrancisco Morales Padrón. |
| 260 |
_aMadrid : _bMapfre, _c[1992] |
||
| 300 |
_a317 p. : _bil. ; _c23 cm. |
||
| 490 | 1 |
_aLas Españas y América ; _v3 |
|
| 500 | _aÍndices. | ||
| 504 | _aBibliografía: p.[277]-299. | ||
| 651 | 4 |
_aAmérica española- _xRelaciones- _zAndalucía. _97734 |
|
| 651 | 4 |
_aAndalucía- _xRelaciones- _zAmérica española. _97772 |
|
| 651 | 7 |
_aAmérica Latina- _xCivilización- _xInfluencia española _2 _9166504 |
|
| 830 | 0 | 0 |
_aColección Las Españas y América _v3 _9179142 |
| 852 |
_aES-MaACL _jL-18835 |
||
| 999 |
_c11510 _d11510 |
||